000 00436nam a2200181Ia 4500
001 15462
005 20260306170158.0
008 260306t2016||||xx |||||||||||||| ||und||
041 _aESP
082 _a540
_bP48 2016
100 _aPeterson, W. R.
_eAUT
245 0 _aNomenclatura de las sustancias químicas
260 _c2016
300 _a363 páginas :
_c24 cm.
650 _aGEN
654 _aCCN
942 _cLIB
_dJUS
_fJUS
_2ddc
_n
999 _c15462
_d15462